000 00674nam a2200241 i 4500
001 C2-0129182
003 PPAK
005 20180727121139.0
008 970927s1983 enka|||| ||||| | eng d
020 _a0907516238
040 _aPPAK
_beng
_cPPAK
_erda
082 0 4 _a823
_223
090 0 0 _a823
_bJON
_dK
100 1 _aJones, Terry,
_eauthor
245 1 4 _aThe Saga of Erik the viking
264 1 _aGreat Britain :
_bPavillion Book Limited ,
_c1983
300 _a144 pages :
_bcolour illustrations ;
_c29 cm
336 _2rdacontent
_atext
337 _2rdamedia
_aunmediated
338 _2rdacarrier
_avolume
650 1 0 _aChildren's stories, English
942 _ddc
_cB
999 _c39277
_d39277